• 首页
  • 本馆介绍
  • 公告通知
  • 最新文献
  • 馆藏检索
  • 电子资源
  • 读者导购
  • 参考咨询
  • 我的图书馆
  • 登录
  • 详细信息显示
  • 放入我的书架
  • 预约/预借图书
  • 作者相关作品
  • 分类相关作品
  • 丛书相关作品
  • 出版社相关作品

书目信息

  • 表格格式
  • 工作单格式
  • 卡片格式
题名:
0-3岁婴幼儿观察与评估
    
 
作者: 周念丽 主编
分册:  
出版信息: 上海   华东师范大学出版社  2021
页数: 171页
开本: 26cm
丛书名:
单 册:
中图分类: B844.12
科图分类:
主题词: 婴幼儿心理学--高等学校--教材
电子资源:
ISBN: 978-7-5760-0259-1
000 01018nam0 2200241 450
001 0100024569
005 20211130145100.0
010    @a978-7-5760-0259-1@dCNY39.00
100    @a20210823d2021 em y0chiy0120 ea
101 0  @achi
102    @aCN@b310000
105    @aa z 000yy
106    @ar
200 1  @a0-3岁婴幼儿观察与评估@90 - 3 Sui Ying You Er Guan Cha Yu Ping Gu @f周念丽主编@b专著
210    @a上海@c华东师范大学出版社@d2021
215    @a171页@c图,照片@d26cm
300    @a新标准早期教育专业系列教材 师大高校教材 教师教育精品教材·早期教育专业系列
330    @a本书以8个月龄段(0-12个月,每3个月为一个月龄段;13-36个月,每6个月为一个月龄段)为主线,分别从“感知觉”“动作”“认知”“言语”“社会性-情绪”五大心理发展领域入手,首先对该月龄段婴幼儿的各心理发展领域的特点进行讲解,继而详细叙述观察与评估的主要方法。
606 0  @a婴幼儿心理学@x高等学校@j教材
690    @aB844.12@v5
701  0 @a周念丽@c(女)@4主编@9zhou nian li
801    @aCN@baizhi@c20221003
905    @aBZT@dB844.12@e15@f1@sB844.12/15
    
    0-3岁婴幼儿观察与评估/周念丽主编.-上海:华东师范大学出版社,2021
    171页:图,照片;26cm
    新标准早期教育专业系列教材 师大高校教材 教师教育精品教材·早期教育专业系列
    
    ISBN 978-7-5760-0259-1:CNY39.00
    本书以8个月龄段(0-12个月,每3个月为一个月龄段;13-36个月,每6个月为一个月龄段)为主线,分别从“感知觉”“动作”“认知”“言语”“社会性-情绪”五大心理发展领域入手,首先对该月龄段婴幼儿的各心理发展领域的特点进行讲解,继而详细叙述观察与评估的主要方法。
●
相关链接 在五车中查询图书 在当当中查询图书 在豆瓣中查询图书


正题名:0-3岁婴幼儿观察与评估     索取号:B844.12/15         预约/预借

序号 登录号 条形码 馆藏地/架位号 状态 备注
1 2000030479   2000030479   旧书回溯/ [索取号:B844.12/15] 在馆    
山东省滨州职业学院图书馆 欢迎您!
大连网信软件有限公司© 版权所有